Skinny Skinny - Ashton Irwin (All Lyrics) - Statistics

General Stats
  • This quiz has been taken 41 times
  • The average score is 306 of 346
Answer Stats
Skinny Skinny % Correct
about
100%
Don't
100%
don't
100%
future
100%
Chorus Hey
100%
Post-Chorus I
100%
skin
100%
skinny
100%
the
100%
thin
100%
think
100%
you
100%
You
100%
bad
96%
tomorrow
96%
Too
96%
too
96%
eat
88%
it
88%
like
88%
never
88%
stay
88%
that
88%
wanna
88%
when
88%
You'll
88%
your
88%
bout'
84%
i'm
84%
Verse 2 I'm
84%
make
84%
Verse 1 My
84%
my
84%
bone
80%
but
80%
dance
80%
gotta
80%
in
80%
Stop
80%
thinking
80%
and
76%
me
76%
damn
68%
of
68%
time
68%
all
64%
always
64%
meet
64%
reflection
64%
tear
64%
up
64%
We
64%
nothing
60%
second
60%
face
52%
made
52%
is
48%
larynx
48%
defeated
44%
into
44%
tasteless
44%
fingers
40%
secret
40%
stretching
40%
tongue
40%
without
40%
ending
36%
heart
36%
barren
32%
permission
32%
pose
32%
listen
24%
No matching quizzes found
Score Distribution
Percent of People with Each Score
Percentile by Number Answered
Your Score History
You have not taken this quiz